Datum a čas kvízu
10
Celkem bodů
Celkový počet nahraných bodů na tomto kvízu bez doplňovacích otázek.
8.
Pořadí na kvízu
Konečné umístění týmu na tomto kvízu.
Zaznamenané odpovědi
| # | Otázka | Odpověď | Body | Výsledky |
|---|---|---|---|---|
| 1. | Čerstvý výtisk nového dobrodru... | Dan Brown; Tajemství všech tajemství | 1 | |
| 2. | V úterý byla slavnostně spuště... | Etiopie | 0 | |
| 3. | 44letý český dirigent Jakub Hr... | v Londýně | 0 | |
| 4. | 81letý americký podnikatel Lar... | Oracle | 1 | |
| 5. | Čeští volejbalisté si po dlouh... | Filipíny | 0 | |
| 6. | V tomto tématu se budeme zabýv... | děda - vnuk | 0 | |
| 7. | Chronologicky seřaďte vybrané... | 1D 2B 3C 4A | 0 | |
| 8. | Která z uvedených osobností je... | C | 0 | |
| 9. | V této otázce nás bude zajímat... | Vratislav (I.) | 0 | |
| 10. | Přiřaďte příbuzenské vztahy vy... | 1B 2D 3A 4C | 0 |